<?xml version="1.0" encoding="UTF-8"?><OAI-PMH xmlns="http://www.openarchives.org/OAI/2.0/" xmlns:xsi="http://www.w3.org/2001/XMLSchema-instance"     xsi:schemaLocation="http://www.openarchives.org/OAI/2.0/ http://www.openarchives.org/OAI/2.0/OAI-PMH.xsd"><responseDate>2026-05-15T16:43:23Z</responseDate><request verb="GetRecord" identifier="oai:regmurcia.com:fintegr.1357" metadataPrefix="marc21">http://oai.regmurcia.com/oai2/oai2.php</request><GetRecord><record><header><identifier>oai:regmurcia.com:fintegr.1357</identifier><datestamp>2026-05-15</datestamp><setSpec>documentos</setSpec></header><metadata><record  xmlns="http://www.loc.gov/MARC21/slim" xmlns:xsi="http://www.w3.org/2001/XMLSchema-instance" xsi:schemaLocation="http://www.loc.gov/MARC21/slim http://www.loc.gov/standards/marcxml/schema/MARC21slim.xsd" type="Bibliographic"><leader>00000nam a2200000   4500</leader><controlfield tag="001" >005072341</controlfield><controlfield tag="003" >1357</controlfield><controlfield tag="004" >A00000000</controlfield><datafield tag="245" ind1=" " ind2=" "><subfield code="a">Expediente del proceso contra los fiadores de Juan de Segovia, abastecedor de las carnicerías de Murcia</subfield></datafield><datafield tag="300" ind1=" " ind2=" "><subfield code="c">315 x 222 mm, 305 x 220 mm.</subfield></datafield><datafield tag="300" ind1=" " ind2=" "><subfield code="a">9 fol.</subfield></datafield><datafield tag="351" ind1=" " ind2=" "><subfield code="a">Unidad Documental</subfield><subfield code="c">Archivo de Murcia. Array</subfield><subfield code="a">Unidad Documental</subfield><subfield code="c">Archivo de Murcia. Array</subfield></datafield><datafield tag="351" ind1=" " ind2=" "><subfield code="b">Nº 31</subfield></datafield><datafield tag="506" ind1=" " ind2=" "><subfield code="a">Acceso restringido</subfield></datafield><datafield tag="520" ind1=" " ind2=" "><subfield code="a">El concejo de Murcia exige ejecutar las obligaciones que tienen los fiadores de Juan de Segovia, que son: Alonso Guantero, Martín de Corvera y Jaime de Jaca. &lt;/br&gt;- Se ejecuta solamente la obligación de Alonso Guantero ya que Martín de Corvera y Jaime de Jaca no se habían obligado a garantizar el abasto de carne. &lt;/br&gt;- Se realiza un inventario de los bienes de Juan de Segovia para hacer frente al pago. Varios artesanos declaran haber recibido pieles de Alonso Guantero&lt;/br&gt;- Alonso de Castro se compromete a matar 1000 cabezas para el abastecimiento y Diego Rodríguez de Peñalver 88 cabezas cada semana. &lt;/br&gt;- Petición de Inés Muñoz pidiendo que se arriende la dehesa y que el dinero obtenido sirva para pagar la deuda de su marido.</subfield></datafield><datafield tag="583" ind1=" " ind2=" "><subfield code="u">http://www.regmurcia.com/servlet/s.Sl?METHOD=VERDOCUMENTO&amp;sit=serv,Carmesi&amp;n=/01/1580/indice.djvu</subfield></datafield><datafield tag="592" ind1=" " ind2=" "><subfield code="a">1504-10-15/1504-10-19</subfield></datafield><datafield tag="592" ind1=" " ind2=" "><subfield code="d">1504-10-19 00:00:00</subfield></datafield><datafield tag="651" ind1=" " ind2=" "><subfield code="a">Murcia</subfield></datafield><datafield tag="786" ind1=" " ind2=" "><subfield code="o">http://www.regmurcia.com/servlet/s.Sl?METHOD=VERDOCUMENTO&amp;sit=serv,Carmesi&amp;n=/01/1580/indice.djvu</subfield></datafield><datafield tag="856" ind1=" " ind2=" "><subfield code="u">http://www.regmurcia.com/servlet/s.Sl?METHOD=DETALLE&amp;sit=c,373,m,139,serv,Carmesi&amp;id=1357</subfield></datafield></record></metadata></record></GetRecord></OAI-PMH>
